Top 10 Città più popolose Provincia di Oristano - Statistics

Statistiche generali
  • Questo quiz è stato fatto 18 volte
  • Il punteggio medio è 5 su 10
Statistiche sulle risposte
Popolazione (ab.) Città % Corretto
30 541 Oristano
100%
7 465 Bosa
65%
8 760 Cabras
65%
9 689 Terralba
53%
3 758 Arborea
41%
4 207 Ghilarza
41%
4 649 Santa Giusta
41%
3 941 Mogoro
35%
2 760 Samugheo
35%
4 609 Marrubiu
24%
Nessun quiz corrispondente trovato
Distribuzione punteggi
Percentuale di utenti per punteggio
Percentile per numero di risposta
I tuoi punteggi nel tempo
Non hai fatto questo quiz